Κατάλογος Βιβλιοθηκών Mediterranean College

Πτωχευτικό Δίκαιο / Έκδοση Τέταρτη (Record no. 4316)

MARC details
000 -LEADER
fixed length control field 02024cam a22002054a 4500
005 - ΗΜΕΡΟΜΗΝΙΑ ΚΑΙ ΩΡΑ ΤΕΛΕΥΤΑΙΑΣ ΕΝΗΜΕΡΩΣΗΣ
Πεδίο ελέγχου 20250605164142.0
008 - FIXED-LENGTH DATA ELEMENTS--GENERAL INFORMATION
Πεδίο ελέγχου σταθερού μήκους 250528s ||||||||||||||||||||||||d
035 ## - SYSTEM CONTROL NUMBER
System control number 19031
020 ## - ISBN
ISBN 9603011304
040 ## - ΠΗΓΗ ΚΑΤΑΛΟΓΟΓΡΑΦΗΣΗΣ
Φορέας πρωτότυπης καταλογογράφησης MC Athens Campus Library
Γλώσσα καταλογογράφησης Ελληνικά, Μοντέρνα (1453-)
Modifying agency MC Athens Campus Library
Κανόνες περιγραφικής καταλογογράφησης AACR2
245 1# - ΤΙΤΛΟΣ ΚΑΙ ΔΗΛΩΣΗ ΥΠΕΥΘΥΝΟΤΗΤΑΣ
Τίτλος Πτωχευτικό Δίκαιο / Έκδοση Τέταρτη
250 ## - EDITION STATEMENT
Edition statement
260 ## - PUBLICATION, DISTRIBUTION, ETC.
Name of publisher, distributor, etc. Σάκκουλα,
Date of publication, distribution, etc. 1994
300 ## - PHYSICAL DESCRIPTION
Extent 594
520 ## - SUMMARY, ETC.
Summary, etc. Η Πτώχευση στο Σύστημα του Δικαίου, Κήρυξη της Πτώχευσης, Ουσιαστικές Προϋποθέσεις, Πτωχευτική Ικανότητα, Τπική Προϋπόθεση, Δικαστική Απόφαση, Ουσιαστικό Πτωχευτικό Δίκαιο, Ουσιαστικές Συνέπειες της Πτώχευσης ως προς τον Πτωχό, Συνέπειες της Πτώχευσης ως προς τους Πτωχευτικούς Πιστωτές, Συνέπειες της Πτώχευσης ως Προς το Σύζυγο του Πτωχού, Συνέπειες της Πτώχευσης ως Προς τους Συνυπόχρεους, Αποχωρισμός και Πτωχευτική Δικδήκηση, Επίδραση της Πτώχευσης επί των Εκκρεμών Αμφοτερόβαρων Συμβάσεων, Πτωχευτική Ανάκληση, Διαδικασία της Πτώχευσης, Οργάνωση της Πτώχευσης, Παύση των Εργασιών της Πτώχευσης Ελλείψει Ενεργητικού, Διασφάλιση και Διοίκηση του Ενεργητικού, Διαπίστωση του Παθητικού δια της Εξέλεγξης των Απαιτήσεων, Πτωχευτικός Συμβιβασμός, Ένωση των Πιστωτών,Πτωχευτική Αποκατάσταση, Επίλογος Εξόδου.
700 1# - ΠΡΟΣΘΕΤΗ ΑΝΑΓΡΑΦΗ--ΦΥΣΙΚΟ ΠΡΟΣΩΠΟ
Personal name Κοτσίρης Λάμπρος
9 (RLIN) 5306
942 ## - ADDED ENTRY ELEMENTS (KOHA)
Koha item type Books
Holdings
Τύπος τεκμηρίου Βιβλιοθήκη Τρέχουσα τοποθεσία Barcode Αριθμός εισαγωγής Ημερομηνία απόκτησης Ταξιθετικό σύμβολο Αριθμός αντιτύπου Κατάσταση απόσυρσης Κατάσταση χαμένου Κατάσταση κατεστραμμένου Μη δανεισμός Σύνολο δανεισμών Ημερομηνία τελευταίας εμφάνισης Η τιμή ισχύει από
Books MC Athens Campus Library MC Athens Campus Library 9780000043153 3967 05/06/2025 346.078 ΚΟΤ 1           05/06/2025 05/06/2025

MC Athens Campus Library
Πατησίων 94 & Κοδριγκτώνος 13, 104 34
Πελλήνης 8 & Πατησίων 107, 112 51
Τ: +30 210 8899600

MC Thessaloniki Campus Library
Ίωνος Δραγούμη 21, 54625 | Ίωνος Δραγούμη 15, 54625
Τ: +30 2310 287779 – Τ: +30 2314 440300